000 00314nam a2200133Ia 4500
008 220204s9999 xx 000 0 und d
082 _a552.5
_bPET
100 _aPETTOJOHM, F J
245 0 _aSedimentary rocks.
250 _aEd.2
260 _aCalcutta
_bOxford
_c1957
650 _aSedimentary rocks
942 _cBK
999 _c20911
_d20911